00226nam a2200097Ia 4500008004100000041000800041082001400049100000900063245003000072260002600102231212s1988 xx 000 0 und d aeng a623.38154 aDean aDean`s Big Book Of Answer aBombaybMc Grawc1988